Cálculo de criterios en el análisis económico de proyectos / (Record no. 105238)

MARC details
000 -LEADER
campo de control de longitud fija 00907nam a22002411 4500
001 - NÚMERO DE CONTROL
campo de control 105238
003 - IDENTIFICADOR DE NÚMERO DE CONTROL
campo de control ES-MaACL
007 - CAMPO FIJO DE DESCRIPCIÓN FÍSICA--INFORMACIÓN GENERAL
campo de control de longitud fija t|
008 - DATOS DE LONGITUD FIJA--INFORMACIÓN GENERAL
campo de control de longitud fija 060620s1971 sp ||||0| spa d
016 7# - NÚMERO DE CONTROL DE UNA AGENCIA BIBLIOGRÁFICA NACIONAL
Número de control cancelado/no válido IND9200523967
040 ## - FUENTE DE CATALOGACIÓN
Centro catalogador/agencia de origen M-BN
Lengua de catalogación spa
Centro/agencia transcriptor A2
080 ## - NÚMERO DE LA CLASIFICACIÓN DECIMAL UNIVERSAL
Número de la Clasificación Decimal Universal 330.115
100 1# - ENTRADA PRINCIPAL--NOMBRE DE PERSONA
Nombre de persona López Nieto, Antonio.
9 (RLIN) 73826
245 10 - MENCIÓN DEL TÍTULO
Título Cálculo de criterios en el análisis económico de proyectos /
Mención de responsabilidad, etc. por Antonio López Nieto.
260 ## - PUBLICACIÓN, DISTRIBUCIÓN, ETC.
Lugar de publicación, distribución, etc. Madrid :
Nombre del editor, distribuidor, etc. [Escuela Nacional de Administración Pública],
Fecha de publicación, distribución, etc. 1971.
300 ## - DESCRIPCIÓN FÍSICA
Extensión 215 p :
Otras características físicas il. ;
Dimensiones 19 cm.
490 1# - MENCIÓN DE SERIE
Mención de serie Estudios del Instituto de Desarrollo Económico. Serie azul ;
Designación de volumen o secuencia 2
650 17 - PUNTO DE ACCESO ADICIONAL DE MATERIA--TÉRMINO DE MATERIA
Término de materia o nombre geográfico como elemento de entrada Economía matemática
Fuente del encabezamiento o término embne
9 (RLIN) 12034
710 2# - ENTRADA AGREGADA--NOMBRE DE ENTIDAD CORPORATIVA
Nombre de entidad corporativa o nombre de jurisdicción como elemento de entrada Escuela Nacional de Administración Pública (España)
9 (RLIN) 3576
830 0# - PUNTO DE ACCESO ADICIONAL DE SERIE-TÍTULO UNIFORME
Título uniforme Estudios del Instituto de Desarrollo Económico. Serie azul ;
Designación de volumen o secuencia 2
9 (RLIN) 232697
852 ## - LOCALIZACIÓN
Ubicación ES-MaACL
Número de control de estantería E-6675
Sublocalización o colección R.90585
Holdings
Estatus retirado Estado de pérdida Estado de daño No para préstamo Biblioteca de origen Biblioteca actual Ubicación en estantería Fecha de adquisición Fuente de adquisición Total de préstamos Signatura topográfica completa Código de barras Visto por última vez Precio de reemplazo Tipo de ítem Koha
        Biblioteca del Ateneo de Madrid Biblioteca del Ateneo de Madrid Depósito 2 17/01/2008     E-6675 1109868 23/02/2023 23/02/2023 Libro impreso